| 000 | 00594nam a2200241 a 4500 | ||
|---|---|---|---|
| 001 | nice12345678 | ||
| 003 | IN_TiNIC | ||
| 005 | 20260116012542.0 | ||
| 008 | 050524s1909 kana grp 000 0 ara | ||
| 020 |
_a _c100 |
||
| 082 | 0 | 0 |
_a297.1224 _bABD |
| 100 | _aAbdul Wahed, Mohammad | ||
| 245 |
_aKafiah _b Ma` Sharah Farsi |
||
| 260 |
_aKanpur _bNizami Press _c1909 |
||
| 300 | _a120p. | ||
| 500 | _aincludes index and biblioraphy | ||
| 505 | 2 | _aUrdu-Roman | |
| 650 | _aQuran-Textual Criticism | ||
| 700 | 1 | _aAbdul Wahed, Mohammad | |
| 902 | _bRBA | ||
| 942 | _cBK | ||
| 999 |
_c7438 _d7438 |
||